[Event "SLO-chT2 East"]
[Site "Velenje"]
[Date "2006.10.02"]
[Round "6"]
[White "Skasa, Albin"]
[Black "Djuric, Lazov"]
[Result "1/2-1/2"]
[WhiteElo "1850"]
[BlackElo "1872"]
[PlyCount "21"]
[EventDate "2006.05.21"]
[EventType "team"]
[EventRounds "9"]
[EventCountry "SLO"]
[SourceTitle "EXT 2008"]
[Source "ChessBase"]
[SourceDate "2007.11.25"]
[SourceVersion "1"]
[SourceVersionDate "2007.11.25"]
[SourceQuality "1"]

1. d4 e6 2. c4 d5 3. Nc3 Nf6 4. Bg5 Nbd7 5. e3 c6 6. Nf3 Qa5 7. Bxf6 Nxf6 8. a3 Ne4 9. Qc1 Nxc3 10. Qxc3 Qxc3+ 11. bxc3 1/2-1/2